Spell the Marvel Hero #24 - Statistics

General Stats
  • This quiz has been taken 19 times
  • The average score is 8 of 10
Answer Stats
Picture Answer % Correct
Invisible Woman
100%
Old Man Logan
100%
Scarlet Witch
100%
Rocket Raccoon
94%
Angel
88%
Agent Venom
82%
Domino
82%
Human Torch
82%
Dinah Soar
59%
Namora
53%
No matching quizzes found
Score Distribution
Percent of People with Each Score
Percentile by Number Answered
Your Score History
You have not taken this quiz